Los mitos de la luna y su influencia en las distintas culturas /
Sparad:
| Huvudupphovsman: | |
|---|---|
| Materialtyp: | Text |
| Taggar: |
Lägg till en tagg
Inga taggar, Lägg till första taggen!
|
MARC
| LEADER | 00000 a a2200000 04500 | ||
|---|---|---|---|
| 001 | 9440 | ||
| 003 | |||
| 040 | |||
| 100 | |a Chung Ng, Edgardo | ||
| 245 | |a Los mitos de la luna y su influencia en las distintas culturas / |c Edgardo Chung Ng | ||
| 773 | |g número 483; páginas 7-14 | ||
| 999 | |c 32671 |d 32671 | ||
